000 01155nam a2200229Ia 4500
001 L241-13483
003 IT-CnALBA
008 170116s9999||||xx |||||||||||||| ||und||
040 _aIT-CnALBA
_cIT-CnALBA
041 _aLATINO
100 _aBERTOLOTTI GIUSEPPE, MONS.
245 0 _aSYLLOGE CASUUM: EX RE DOGMATICA, MORALI, CANONICA ET LITURGICA. VOL. II.
250 _a2a ed.
260 _aROMA
_bPROPAGANDA FIDE. PONTIFICIO ISTIT. ROMA'
_c1896 [1° Ed.: n.d.]
300 _a485 p.
500 _aINDICE ANALITICO: ABORTO. ASSOLUZIONE. ASTINENZA. ADULTERIO. AVARIZIA. BESTEMMIA. CONCUBINATO. CONFESSORE. DISPENSE. FURTO. INDULGENZE. IRREGOLARITA'. GIUBILEO. MATRIMONIO. PECCATI. SILLABO. USURA. USURPAZIONE. ETC...
501 _aSocietà San Paolo EM - Piazza San Paolo, 14 - 12051 ALBA (CN) (non commercial uses only) ® Copyright 2017
520 _aINDICE ANALITICO: ABORTO. ASSOLUZIONE. ASTINENZA. ADULTERIO. AVARIZIA. BESTEMMIA. CONCUBINATO. CONFESSORE. DISPENSE. FURTO. INDULGENZE. IRREGOLARITA'. GIUBILEO. MATRIMONIO. PECCATI. SILLABO. USURA. USURPAZIONE. ETC...
650 _aMORALE CATTOLICA
942 _cBK
957 _71
999 _a18236
_bSI
_g Copie: 1
_c272659
_d272659